| 000 | 00712pam a2200217 a 4500 | ||
|---|---|---|---|
| 001 | 1877806 | ||
| 005 | 20171228040018.0 | ||
| 008 | 830427s1983 nyua 001 0 eng | ||
| 010 | _a 83008919 | ||
| 020 |
_a0396081770 (pbk.) : _c$12.95 |
||
| 040 |
_aDLC _cDLC _dDLC |
||
| 041 | _aeng | ||
| 043 | _an-us--- | ||
| 080 | _a646.7 | ||
| 082 | 0 | 0 |
_a646.7 FIE _219 |
| 100 | 1 | _a44 | |
| 101 | _aART | ||
| 245 | 1 | 0 |
_aGetting it together : _cby Mike Fields with contributions by A. Peter Bailey ; [foreword by Dionne Warwick] ; photographs by Bert Andrews, drawings by Kenneth Hunter. |
| 906 |
_a7 _bcbc _corignew _d1 _eocip _f19 _gy-gencatlg |
||
| 942 |
_2ddc _cBK |
||
| 999 |
_c39531 _d39531 |
||